00573nam a2200121Ia 4500008004100000100002900041245005800070245018500128260005300313260000900366650001500375856006100390170221s9999 xx 000 0 und d aSvetlana S. Kudryavtseva 4aThe Methods of National Innovation Systems Assessing  cSvetlana S. Kudryavtseva, Alexey I. Shinkevich, Sofia Sh. Ostanina, Ekaterina L. Vodolazhskaya, Natalia M. Chikisheva, Irina V. Lushchik, Lidiya V. Shirokova, Elmira R. Khairullina bInternational Review of Management and Marketing c2014 xMarketing. uhttp://www.econjournals.com/index.php/irmm/issue/view/71